The West point fitness and diet book
Guardat en:
| Autor principal: | |
|---|---|
| Format: | Llibre |
| Idioma: | anglès |
| Publicat: |
Avon Books,
1980
|
| Etiquetes: |
Afegir etiqueta
Sense etiquetes, Sigues el primer a etiquetar aquest registre!
|
MARC
| LEADER | 00000nam a22000007a 4500 | ||
|---|---|---|---|
| 008 | 210506b ||||| |||| 00| 0 eng d | ||
| 020 | |a 0-380-54205-6 | ||
| 100 | |a ANDERSON, James. L | ||
| 245 | |a The West point fitness and diet book |c James L Anderson and Martin Cohen. |g xvi, 239p.; ill | ||
| 260 | |b Avon Books, |c 1980 |h New York |i 674533 |l RA781 .An2 |m Exercise. |m Physical fitness. |m Reducing diets | ||
| 942 | |a lcc |c BK |e Adekanye, I. H. |f 06/05/2021 | ||
| 952 | |0 0 |1 0 |2 lcc |4 0 |6 RA0781 A N2 |7 0 |9 2397 |a HOL |b HOL |c QZ |d 2021-05-06 |l 0 |o RA781 .An2 |p 2021-6248 |r 2021-05-06 00:00:00 |w 2021-05-06 |y BK | ||
| 999 | |c 1243 |d 1243 | ||